[Event "CCM1 - 8. ORDIX Open"]
[Site "Mainz"]
[Date "2001.??.??"]
[Round "1"]
[White "Gohil, Harry"]
[Black "Svidler, Peter"]
[Result "1/2-1/2"]
[WhiteElo "2395"]
[BlackElo "2695"]
[PlyCount "29"]
[EventDate "2001.??.??"]
[EventType "rapid"]
[EventCountry "GER"]
[Source "Mike Rosa"]
[SourceDate "2009.01.01"]

1. d4 Nf6 2. Bg5 Ne4 3. h4 c5 4. dxc5 h6 5. Bf4 e6 6. Nd2 Qf6 7. Nxe4 Qxf4 8.
Qd3 Na6 9. Nd6+ Kd8 10. Nh3 Qb4+ (10... Qf6 {wäre nach Svidler besser geeignet,
um die Stellung unklar zu halten. Jetzt muss sich der Großmeister in ein
forciertes Remis fügen.}) 11. c3 Qxb2 12. Rb1 Nxc5 13. Nxf7+ Ke8 14. Nd6+ Kd8
15. Nf7+ 1/2-1/2

[Event "CCM2 - 9. ORDIX Open"]
[Site "Mainz"]
[Date "2002.??.??"]
[Round "1"]
[White "Boehmer, Christian"]
[Black "Krasenkow, Michal"]
[Result "0-1"]
[WhiteElo "2018"]
[BlackElo "2657"]
[PlyCount "32"]
[EventDate "2002.??.??"]
[EventType "tourn (rapid)"]
[EventRounds "11"]
[EventCountry "GER"]
[Source "Mike Rosa"]
[SourceDate "2009.01.01"]

1. e4 c5 2. Nf3 Nc6 3. b4 Nxb4 4. c3 Nc6 5. d4 cxd4 6. cxd4 e6 7. Nc3 Bb4 8.
Bd2 Nf6 9. d5 Bxc3 10. Bxc3 Nxe4 11. dxc6 Nxc3 12. Qb3 Qa5 13. cxb7 Bxb7 14.
Qxb7 O-O 15. Qa6 Qb4 16. Bd3 Ne4+ 0-1

[Event "CCM2 - 9. ORDIX Open"]
[Site "Mainz"]
[Date "2002.??.??"]
[Round "1"]
[White "Georgiev, Kiril"]
[Black "Kluenger, Marc"]
[Result "0-1"]
[WhiteElo "2660"]
[BlackElo "2124"]
[PlyCount "96"]
[EventDate "2002.??.??"]
[EventType "tourn (rapid)"]
[EventRounds "11"]
[EventCountry "GER"]
[Source "Mike Rosa"]
[SourceDate "2009.01.01"]

1. d4 Nf6 2. c4 e5 3. dxe5 Ng4 4. Bf4 Nc6 5. Nf3 Bb4+ 6. Nbd2 Qe7 7. a3 Ngxe5
8. Nxe5 Bxd2+ 9. Qxd2 Nxe5 10. c5 O-O 11. Rc1 Rd8 12. Qe3 d6 13. g3 Re8 14. Bg2
dxc5 15. Rxc5 Qxc5 16. Qxc5 Nd3+ 17. Kf1 Nxc5 18. Bxc7 a5 19. h3 a4 20. Bf3 Bd7
21. Kg2 Bc6 22. Bxc6 bxc6 23. Rc1 Rac8 24. Bd6 Nb3 25. Rc2 c5 26. e3 f6 27. g4
Red8 28. Bf4 c4 29. e4 g5 30. Be3 Rd3 31. e5 Kf7 32. exf6 Kxf6 33. Re2 Kg6 34.
Bb6 Rc6 35. Ba7 Nd4 36. Re8 Ne6 37. Be3 Nf4+ 38. Bxf4 gxf4 39. Rg8+ Kf7 40. Rh8
Kg7 41. Ra8 Rb3 42. Ra7+ Kg6 43. h4 Rxb2 44. h5+ Kh6 45. Kf3 c3 46. Kxf4 Rxf2+
47. Kg3 Rd2 48. Kh4 Rd4 0-1

[Event "CCM2 - 9. ORDIX Open"]
[Site "Mainz"]
[Date "2002.??.??"]
[Round "1"]
[White "Niebling, Ferdinand"]
[Black "Svidler, Peter"]
[Result "0-1"]
[WhiteElo "2154"]
[BlackElo "2750"]
[PlyCount "78"]
[EventDate "2002.??.??"]
[EventType "tourn (rapid)"]
[EventRounds "11"]
[EventCountry "GER"]
[Source "Mike Rosa"]
[SourceDate "2009.01.01"]

1. e4 g6 2. d4 Bg7 3. Nc3 d6 4. f4 a6 5. a4 Nf6 6. Nf3 c5 7. e5 Nfd7 8. Be3
cxd4 9. Bxd4 dxe5 10. Nxe5 Nxe5 11. Bxe5 Qxd1+ 12. Rxd1 Bxe5 13. fxe5 Be6 14.
Nd5 Bxd5 15. Rxd5 e6 16. Rd4 Nd7 17. Re4 Rc8 18. Bd3 Rc5 19. Kd2 Nxe5 20. Rhe1
Nxd3 21. cxd3 Ke7 22. Rb4 b5 23. axb5 axb5 24. Ra1 Rd8 25. Ra7+ Rd7 26. Rxd7+
Kxd7 27. Rh4 h5 28. Rf4 Rf5 29. Rd4+ Kc6 30. Ke2 Rg5 31. g3 Rg4 32. Rd8 Rb4 33.
Rf8 Rxb2+ 34. Ke3 Rxh2 35. Rxf7 b4 36. Rf1 b3 37. Kf4 b2 38. Kg5 Kd5 39. Kxg6
Ke5 0-1

[Event "CCM2 - 9. ORDIX Open"]
[Site "Mainz"]
[Date "2002.??.??"]
[Round "1"]
[White "Sasikiran, Krishnan"]
[Black "Limberg, Siegfried"]
[Result "1-0"]
[WhiteElo "2650"]
[BlackElo "2196"]
[PlyCount "45"]
[EventDate "2002.??.??"]
[EventType "tourn (rapid)"]
[EventRounds "11"]
[EventCountry "GER"]
[Source "Mike Rosa"]
[SourceDate "2009.01.01"]

1. e4 c5 2. Nf3 d6 3. d4 cxd4 4. Nxd4 Nf6 5. Nc3 a6 6. Be3 b5 7. Nd5 Bb7 8.
Nxf6+ gxf6 9. f3 Nd7 10. c4 bxc4 11. Bxc4 e6 12. O-O h5 13. Rc1 h4 14. Bxe6
fxe6 15. Nxe6 Qa5 16. Qb3 Rb8 17. Ba7 Bd5 18. Qxd5 Qxd5 19. exd5 Rxb2 20. Rf2
Rb7 21. Bd4 Rh5 22. Re2 Be7 23. Ng7+ 1-0

[Event "CCM2 - 9. ORDIX Open"]
[Site "Mainz"]
[Date "2002.??.??"]
[Round "2"]
[White "Doeres, Hans Juergen"]
[Black "Sasikiran, Krishnan"]
[Result "0-1"]
[WhiteElo "2271"]
[BlackElo "2650"]
[PlyCount "118"]
[EventDate "2002.??.??"]
[EventType "tourn (rapid)"]
[EventRounds "11"]
[EventCountry "GER"]
[Source "Mike Rosa"]
[SourceDate "2009.01.01"]

1. e4 c5 2. Nf3 d6 3. d3 Nc6 4. g3 g6 5. Bg2 Bg7 6. O-O e5 7. c3 Nge7 8. Ne1
O-O 9. f4 d5 10. Nf3 dxe4 11. dxe4 Qxd1 12. Rxd1 Be6 13. Be3 b6 14. Nbd2 Rad8
15. Bf1 h6 16. Bc4 Bg4 17. Kg2 exf4 18. gxf4 Na5 19. Bb5 Bc8 20. Be2 Bb7 21.
Kf2 Bc6 22. Rac1 Nb7 23. Ne5 Nd6 24. Nxc6 Nxc6 25. Bf3 Nd4 26. cxd4 cxd4 27. b3
dxe3+ 28. Kxe3 Rfe8 29. Nc4 Nf5+ 30. Kf2 Bd4+ 31. Ke2 Nh4 32. Rd3 Bc5 33. Rcd1
Rxd3 34. Rxd3 g5 35. fxg5 hxg5 36. Ne3 f5 37. Bh5 Rxe4 38. Kd2 Kg7 39. Nc4 g4
40. Rd8 Rd4+ 41. Rxd4 Bxd4 42. Kd3 Bg1 43. Ne3 Bxh2 44. Nxf5+ Nxf5 45. Bxg4 Nd6
46. Kd4 Nb5+ 47. Kc4 Nc7 48. b4 Kf6 49. a4 Ke5 50. Bd7 Bg1 51. a5 Kd6 52. axb6
Kxd7 53. bxc7 Kxc7 54. Kb5 Kb7 55. Ka5 Bb6+ 56. Kb5 a6+ 57. Ka4 Kc6 58. Ka3 Kb5
59. Kb3 Bd8 0-1

[Event "CCM2 - 9. ORDIX Open"]
[Site "Mainz"]
[Date "2002.??.??"]
[Round "2"]
[White "Epishin, Vladimir"]
[Black "Schnelzer, Reinhold"]
[Result "1-0"]
[WhiteElo "2643"]
[BlackElo "2271"]
[PlyCount "53"]
[EventDate "2002.??.??"]
[EventType "tourn (rapid)"]
[EventRounds "11"]
[EventCountry "GER"]
[Source "Mike Rosa"]
[SourceDate "2009.01.01"]

1. d4 Nf6 2. c4 e6 3. Nc3 Bb4 4. e3 Bxc3+ 5. bxc3 c5 6. Bd3 d6 7. f4 e5 8. Ne2
e4 9. Bc2 O-O 10. O-O Qe7 11. Bd2 Nc6 12. Be1 Na5 13. Bb3 Nxb3 14. axb3 a6 15.
Qd2 Ng4 16. h3 Nh6 17. Bf2 Be6 18. Kh2 f5 19. Rg1 b5 20. cxb5 axb5 21. d5 Qf7
22. b4 Bd7 23. Rgc1 Ra4 24. Be1 Rfa8 25. Rxa4 bxa4 26. Qd4 Qe8 27. Ng1 1-0

[Event "CCM2 - 9. ORDIX Open"]
[Site "Mainz"]
[Date "2002.??.??"]
[Round "2"]
[White "Kandic, Milan"]
[Black "Vaganian, Rafael"]
[Result "0-1"]
[WhiteElo "2276"]
[BlackElo "2667"]
[PlyCount "54"]
[EventDate "2002.??.??"]
[EventType "tourn (rapid)"]
[EventRounds "11"]
[EventCountry "GER"]
[Source "Mike Rosa"]
[SourceDate "2009.01.01"]

1. e4 e6 2. Qe2 Be7 3. Nf3 d5 4. d3 dxe4 5. dxe4 Nf6 6. g3 O-O 7. Bg2 b6 8. O-O
Ba6 9. c4 Nfd7 10. Nc3 e5 11. Nd5 c6 12. Nxe7+ Qxe7 13. Rd1 Re8 14. b3 Nf8 15.
Bb2 f6 16. Nh4 g6 17. Rd2 c5 18. Qd3 Ne6 19. Rad1 Nd4 20. Bxd4 cxd4 21. f4 Nd7
22. f5 Bb7 23. Nf3 a5 24. Ne1 g5 25. g4 a4 26. Qh3 axb3 27. axb3 Nc5 0-1

[Event "CCM2 - 9. ORDIX Open"]
[Site "Mainz"]
[Date "2002.??.??"]
[Round "2"]
[White "Krasenkow, Michal"]
[Black "Michalczak, Thomas"]
[Result "1-0"]
[WhiteElo "2657"]
[BlackElo "2274"]
[PlyCount "87"]
[EventDate "2002.??.??"]
[EventType "tourn (rapid)"]
[EventRounds "11"]
[EventCountry "GER"]
[Source "Mike Rosa"]
[SourceDate "2009.01.01"]

1. d4 d5 2. c4 e6 3. Nf3 Nf6 4. g3 Be7 5. Bg2 O-O 6. O-O dxc4 7. Na3 Bxa3 8.
bxa3 Nd5 9. Qc2 Nb6 10. a4 a5 11. Ba3 Re8 12. Bc5 N8d7 13. Rfd1 Qf6 14. Nd2 e5
15. Nxc4 Nxc5 16. dxc5 Nxc4 17. Qxc4 c6 18. Rd6 Be6 19. Qc3 Red8 20. Rad1 Rxd6
21. Rxd6 Qf5 22. Qxa5 Qb1+ 23. Bf1 Rf8 24. Qd2 Bh3 25. Qd1 Qxd1 26. Rxd1 Bxf1
27. Kxf1 Rb8 28. Rd7 Kf8 29. Rc7 Ke8 30. Ke1 Ra8 31. Rxb7 Rxa4 32. Rc7 Rxa2 33.
Rxc6 Kd7 34. Rd6+ Ke7 35. Rd5 Ke6 36. e4 Ra4 37. f3 g6 38. Kd2 Rc4 39. Kd3 Rc1
40. f4 f6 41. Rd6+ Ke7 42. Rc6 h5 43. fxe5 fxe5 44. Rxg6 1-0

[Event "CCM2 - 9. ORDIX Open"]
[Site "Mainz"]
[Date "2002.??.??"]
[Round "2"]
[White "Svidler, Peter"]
[Black "Unzicker, Ferdinand"]
[Result "1-0"]
[WhiteElo "2750"]
[BlackElo "2283"]
[PlyCount "85"]
[EventDate "2002.??.??"]
[EventType "tourn (rapid)"]
[EventRounds "11"]
[EventCountry "GER"]
[Source "Mike Rosa"]
[SourceDate "2009.01.01"]

1. e4 e5 2. Nf3 Nc6 3. Bb5 Nf6 4. Nc3 Bb4 5. O-O O-O 6. d3 d6 7. Bg5 Bxc3 8.
bxc3 Qe7 9. Re1 Nd8 10. d4 Bg4 11. h3 Bh5 12. g4 Bg6 13. Bh4 c5 14. dxe5 dxe5
15. Bg3 a6 16. Bc4 Nc6 17. Bh4 h6 18. Bd5 Rac8 19. Rb1 Rc7 20. c4 Bh7 21. c3
Kh8 22. Qe2 g5 23. Bg3 Nd7 24. Rb2 f6 25. Reb1 Rb8 26. Nd2 b6 27. Nf1 Nd8 28.
Ne3 Bg6 29. Nf5 Bxf5 30. gxf5 Qe8 31. h4 Kg7 32. Kg2 Nf7 33. Rh1 Nd6 34. a4 b5
35. axb5 axb5 36. cxb5 Nb6 37. Be6 Na4 38. hxg5 hxg5 39. Qg4 Nxb2 40. Bxe5 Nxe4
41. Qxe4 Re7 42. Qg4 Rxe6 43. Qxg5+ 1-0

[Event "CCM2 - 9. ORDIX Open"]
[Site "Mainz"]
[Date "2002.??.??"]
[Round "3"]
[White "Boidman, Yuri"]
[Black "Krasenkow, Michal"]
[Result "1-0"]
[WhiteElo "2419"]
[BlackElo "2657"]
[PlyCount "37"]
[EventDate "2002.??.??"]
[EventType "tourn (rapid)"]
[EventRounds "11"]
[EventCountry "GER"]
[Source "Mike Rosa"]
[SourceDate "2009.01.01"]

1. e4 g6 2. d4 Bg7 3. c4 d6 4. Nc3 Nc6 5. d5 Nd4 6. Nge2 c5 7. Be3 Qb6 8. Qd2
Bd7 9. O-O-O Nxe2+ 10. Bxe2 Nf6 11. f3 Qa5 12. Bh6 Bxh6 13. Qxh6 a6 14. e5 dxe5
15. d6 Be6 16. Qg5 Qd8 17. Qxe5 O-O 18. dxe7 Qxe7 19. Nd5 1-0

[Event "CCM2 - 9. ORDIX Open"]
[Site "Mainz"]
[Date "2002.??.??"]
[Round "3"]
[White "Pirrot, Dieter"]
[Black "Svidler, Peter"]
[Result "0-1"]
[WhiteElo "2421"]
[BlackElo "2750"]
[PlyCount "58"]
[EventDate "2002.??.??"]
[EventType "tourn (rapid)"]
[EventRounds "11"]
[EventCountry "GER"]
[Source "Mike Rosa"]
[SourceDate "2009.01.01"]

1. e4 g6 2. d4 Bg7 3. Nc3 d6 4. f4 a6 5. Nf3 Nd7 6. Bd3 b5 7. e5 Bb7 8. Qe2 e6
9. Ng5 Ne7 10. h4 h6 11. Nf3 Nf5 12. Bxf5 gxf5 13. d5 dxe5 14. fxe5 Nb6 15.
dxe6 fxe6 16. Bf4 b4 17. Nb1 Nd5 18. g3 Qd7 19. Nbd2 O-O-O 20. O-O-O Qa4 21.
Kb1 Rd7 22. Nb3 Rhd8 23. Nc5 Qb5 24. Qxb5 Nc3+ 25. bxc3 Rxd1+ 26. Rxd1 Rxd1+
27. Kb2 axb5 28. Nd4 bxc3+ 29. Kxc3 b4+ 0-1

[Event "CCM2 - 9. ORDIX Open"]
[Site "Mainz"]
[Date "2002.??.??"]
[Round "3"]
[White "Sasikiran, Krishnan"]
[Black "Meins, Gerlef"]
[Result "0-1"]
[WhiteElo "2650"]
[BlackElo "2418"]
[PlyCount "137"]
[EventDate "2002.??.??"]
[EventType "tourn (rapid)"]
[EventRounds "11"]
[EventCountry "GER"]
[Source "Mike Rosa"]
[SourceDate "2009.01.01"]

1. d4 d5 2. c4 dxc4 3. Nf3 Nf6 4. e3 Bg4 5. Bxc4 e6 6. h3 Bh5 7. Nc3 Nbd7 8.
O-O Bd6 9. Be2 O-O 10. e4 e5 11. Bg5 Bxf3 12. Bxf3 Re8 13. Kh1 exd4 14. Qxd4 h6
15. Be3 Bc5 16. Qd2 Bxe3 17. Qxe3 c6 18. g3 Qb6 19. Qe2 Nd5 20. Bg2 Nxc3 21.
bxc3 Nc5 22. Rab1 Qc7 23. Qc4 Qe7 24. Rfe1 Rad8 25. Re2 b5 26. Qb4 Na4 27. Rc1
Rd3 28. Qa5 Qd8 29. Qxa7 Nxc3 30. Ree1 b4 31. e5 Qe7 32. Qb6 c5 33. Rc2 Red8
34. e6 Rd1 35. Rc1 fxe6 36. Kh2 Rxc1 37. Rxc1 Qd6 38. Qa5 e5 39. Re1 Rf8 40.
Rf1 Qd4 41. Qc7 Nxa2 42. f4 exf4 43. Rxf4 Rxf4 44. gxf4 Nc3 45. Qc8+ Kh7 46.
Qf5+ g6 47. Qf7+ Qg7 48. Qe6 Qc7 49. Kg3 g5 50. Bf1 Qxf4+ 51. Kg2 Qd2+ 52. Kf3
Qd5+ 53. Qxd5 Nxd5 54. Ke4 Nf4 55. h4 Kg6 56. hxg5 hxg5 57. Bc4 Kh5 58. Kf3 Kh4
59. Bf7 Nd3 60. Ke3 Ne5 61. Bd5 g4 62. Kf4 c4 63. Kxe5 c3 64. Bb3 g3 65. Kd4 g2
66. Bc2 Kg3 67. Bg6 c2 68. Kc4 Kf3 69. Kd4 0-1

[Event "CCM2 - 9. ORDIX Open"]
[Site "Mainz"]
[Date "2002.??.??"]
[Round "3"]
[White "Seul, Georg"]
[Black "Epishin, Vladimir"]
[Result "1/2-1/2"]
[WhiteElo "2416"]
[BlackElo "2643"]
[PlyCount "178"]
[EventDate "2002.??.??"]
[EventType "tourn (rapid)"]
[EventRounds "11"]
[EventCountry "GER"]
[Source "Mike Rosa"]
[SourceDate "2009.01.01"]

1. e4 c5 2. d3 e6 3. f4 d5 4. Be2 g6 5. Nf3 Bg7 6. O-O Ne7 7. c3 Nbc6 8. Na3
O-O 9. Kh1 b6 10. e5 Ba6 11. d4 Bxe2 12. Qxe2 Rc8 13. Nc2 cxd4 14. cxd4 Qd7 15.
Ne3 Nf5 16. Nxf5 exf5 17. Bd2 Rc7 18. Rac1 Rfc8 19. h3 Nd8 20. Rxc7 Rxc7 21.
Rc1 Rxc1+ 22. Bxc1 Bf8 23. Be3 h5 24. Qa6 Ne6 25. b3 Bh6 26. g3 Qc6 27. Qd3 b5
28. Kg2 a6 29. Kf2 Bf8 30. Ke2 Be7 31. Kd1 Kf8 32. Qc2 Qb7 33. Ke2 Ke8 34. Nh2
Kd7 35. Nf3 Qb6 36. Qc3 Qb8 37. Bd2 Bd8 38. Ne1 Bb6 39. Nc2 Qa7 40. Be3 Qb7 41.
Ne1 Qc6 42. Qxc6+ Kxc6 43. Nc2 a5 44. Kf3 b4 45. Bf2 Bd8 46. g4 hxg4+ 47. hxg4
Ng7 48. Ne3 fxg4+ 49. Kxg4 Bb6 50. Nc2 Nf5 51. Bg1 Kd7 52. Bf2 Ke6 53. Bg1 Ne7
54. Bf2 Nc6 55. Kg5 Na7 56. a4 bxa3 57. Nxa3 Bd8+ 58. Kg4 Be7 59. Nc2 Nb5 60.
Be1 Bd8 61. Bd2 Bb6 62. Be1 Bd8 63. Bd2 Bb6 64. Be1 Na7 65. Bc3 Nc6 66. Kg5
Bd8+ 67. Kg4 Ne7 68. Ne3 Bb6 69. Bb2 Nc6 70. f5+ gxf5+ 71. Nxf5 f6 72. exf6
Kxf6 73. Kf4 Bc7+ 74. Kg4 Ke6 75. Kg5 Bd8+ 76. Kg6 Be7 77. Bc3 Bb4 78. Bb2 Bd2
79. Ng7+ Kd7 80. Kf7 Nb4 81. Nf5 Nd3 82. Ba3 Bb4 83. Bxb4 Nxb4 84. Ne3 Kd6 85.
Nf5+ Kd7 86. Ne3 Nc6 87. Nxd5 Nxd4 88. Nb6+ Kc6 89. Nc4 Nxb3 1/2-1/2

[Event "CCM2 - 9. ORDIX Open"]
[Site "Mainz"]
[Date "2002.??.??"]
[Round "3"]
[White "Vaganian, Rafael"]
[Black "Solomunovic, Igor"]
[Result "0-1"]
[WhiteElo "2667"]
[BlackElo "2421"]
[PlyCount "92"]
[EventDate "2002.??.??"]
[EventType "tourn (rapid)"]
[EventRounds "11"]
[EventCountry "GER"]
[Source "Mike Rosa"]
[SourceDate "2009.01.01"]

1. Nf3 Nf6 2. c4 g6 3. g3 Bg7 4. Bg2 O-O 5. O-O d6 6. Nc3 e5 7. d4 Nc6 8. d5
Ne7 9. c5 Ne8 10. cxd6 cxd6 11. e4 h6 12. Nh4 Bd7 13. a4 b6 14. Bd2 g5 15. Nf3
f5 16. exf5 Bxf5 17. Be3 Bg4 18. h3 Bh5 19. Ne4 Nc7 20. Nc3 e4 21. Nxe4 Nexd5
22. g4 Bg6 23. Nc3 Nxe3 24. fxe3 Qe7 25. Qd2 Rae8 26. Rae1 Kh8 27. b4 d5 28. b5
Qc5 29. Nd4 Rxf1+ 30. Kxf1 Ne6 31. Nce2 Nxd4 32. Nxd4 Qc4+ 33. Kf2 Qxa4 34.
Bxd5 Bxd4 35. Qxd4+ Qxd4 36. exd4 Rxe1 37. Kxe1 Bd3 38. Bc6 Kg7 39. Kf2 Kf6 40.
h4 gxh4 41. Kg2 a5 42. bxa6 Bxa6 43. d5 Bc8 44. Kf3 Kg5 45. Ke4 Kxg4 46. d6 Kg3
0-1

[Event "CCM2 - 9. ORDIX Open"]
[Site "Mainz"]
[Date "2002.??.??"]
[Round "4"]
[White "Bologan, Viktor"]
[Black "Karpatchev, Aleksandr"]
[Result "1-0"]
[WhiteElo "2631"]
[BlackElo "2496"]
[PlyCount "110"]
[EventDate "2002.??.??"]
[EventType "tourn (rapid)"]
[EventRounds "11"]
[EventCountry "GER"]
[Source "Mike Rosa"]
[SourceDate "2009.01.01"]

1. e4 e5 2. Nf3 Nc6 3. Bb5 a6 4. Ba4 f5 5. d4 fxe4 6. Nxe5 Nf6 7. O-O Bd6 8. f4
exf3 9. Nxf3 O-O 10. c4 b6 11. Nc3 Bb7 12. Bg5 Qe8 13. c5 bxc5 14. Bxf6 gxf6
15. Qb3+ Kh8 16. Qxb7 Qe3+ 17. Kh1 Rfb8 18. Bxc6 Rxb7 19. Bxb7 Rb8 20. dxc5
Bxc5 21. Rae1 Qh6 22. Bxa6 Rxb2 23. Na4 Rxa2 24. Nxc5 Qh5 25. Rc1 Ra5 26. Nxd7
Rxa6 27. Rxc7 Qd5 28. Nc5 Ra8 29. Rc1 Rg8 30. Rd7 Qc6 31. Rdd1 Qc8 32. Nb3 Qg4
33. Rd2 Qf4 34. Nbd4 h5 35. Rdc2 Qb8 36. Rc5 Qe8 37. Re1 Qg6 38. Nh4 Qg4 39.
Ndf3 Kh7 40. h3 Qb4 41. Rxh5+ Kg7 42. Rd1 Qa4 43. Rhd5 Re8 44. Nf5+ Kh8 45. Nh6
Qf4 46. Ng4 f5 47. Nf6 Rf8 48. Nd7 Rg8 49. Nde5 Qg3 50. R5d2 Kh7 51. Rb1 Rg7
52. Rf1 Qf4 53. Rdf2 Qe3 54. Nc4 Qc3 55. Nd6 Qc5 1-0

[Event "CCM2 - 9. ORDIX Open"]
[Site "Mainz"]
[Date "2002.??.??"]
[Round "4"]
[White "Dautov, Rustem"]
[Black "Krivoshey, Sergei"]
[Result "1-0"]
[WhiteElo "2614"]
[BlackElo "2481"]
[PlyCount "57"]
[EventDate "2002.??.??"]
[EventType "tourn (rapid)"]
[EventRounds "11"]
[EventCountry "GER"]
[Source "Mike Rosa"]
[SourceDate "2009.01.01"]

1. d4 d5 2. c4 c6 3. Nf3 Nf6 4. e3 Bg4 5. Nc3 e6 6. h3 Bh5 7. g4 Bg6 8. Ne5 Bb4
9. h4 Ne4 10. Qb3 Qa5 11. a3 Bxc3+ 12. bxc3 Qxc3+ 13. Qxc3 Nxc3 14. Bd2 Na4 15.
cxd5 exd5 16. h5 Be4 17. f3 f6 18. fxe4 fxe5 19. exd5 exd4 20. exd4 Nb6 21. d6
N8d7 22. Bd3 O-O 23. O-O-O Rf6 24. Bb4 Nd5 25. g5 Rf4 26. g6 hxg6 27. hxg6 Rxd4
28. Rh2 Rxd3 29. Rdh1 1-0

[Event "CCM2 - 9. ORDIX Open"]
[Site "Mainz"]
[Date "2002.??.??"]
[Round "4"]
[White "Pigusov, Evgeny"]
[Black "Ivanov, Michail"]
[Result "1/2-1/2"]
[WhiteElo "2622"]
[BlackElo "2489"]
[PlyCount "92"]
[EventDate "2002.??.??"]
[EventType "tourn (rapid)"]
[EventRounds "11"]
[EventCountry "GER"]
[Source "Mike Rosa"]
[SourceDate "2009.01.01"]

1. Nf3 g6 2. d4 Bg7 3. c4 c5 4. e4 d6 5. d5 b5 6. cxb5 a6 7. Nc3 Nf6 8. a4 O-O
9. b6 Qxb6 10. a5 Qd8 11. Be2 Bg4 12. Nd2 Bxe2 13. Qxe2 Nbd7 14. O-O Ne8 15.
Nc4 Nc7 16. Na4 Nb5 17. Ncb6 Ra7 18. Nxd7 Qxd7 19. Nb6 Nd4 20. Qc4 Qb5 21. Ra2
Rb8 22. Bd2 Qxc4 23. Nxc4 Rb3 24. Re1 Rab7 25. Bc3 Ne2+ 26. Rxe2 Rxc3 27. Ne3
Rc1+ 28. Nf1 Rb1 29. g3 Bxb2 30. Kg2 Bd4 31. Rec2 R7b5 32. Nd2 Rd1 33. Nc4 Rbb1
34. Nd2 Rg1+ 35. Kh3 Rbc1 36. Nf3 Rxc2 37. Rxc2 Rd1 38. Kg2 Bg7 39. Nd2 h5 40.
h4 Kf8 41. f4 Bd4 42. Kf3 Ra1 43. Nc4 Rf1+ 44. Kg2 Rg1+ 45. Kf3 Rf1+ 46. Kg2
Rg1+ 1/2-1/2

[Event "CCM2 - 9. ORDIX Open"]
[Site "Mainz"]
[Date "2002.??.??"]
[Round "4"]
[White "Rabiega, Robert"]
[Black "Motylev, Alexander"]
[Result "0-1"]
[WhiteElo "2501"]
[BlackElo "2634"]
[PlyCount "84"]
[EventDate "2002.??.??"]
[EventType "tourn (rapid)"]
[EventRounds "11"]
[EventCountry "GER"]
[Source "Mike Rosa"]
[SourceDate "2009.01.01"]

1. e4 e5 2. Nf3 Nf6 3. d4 Nxe4 4. dxe5 d5 5. Nbd2 Nxd2 6. Qxd2 h6 7. Bd3 c5 8.
c3 Nc6 9. h3 Be6 10. Qf4 g5 11. Qg3 Qc7 12. O-O Bg7 13. Bb5 O-O 14. Re1 Bf5 15.
Bxc6 Qxc6 16. h4 g4 17. Nh2 Qg6 18. Bf4 d4 19. cxd4 cxd4 20. Nf1 Rac8 21. Nd2
d3 22. Nf1 Rfd8 23. b3 Bf8 24. Rad1 Rc2 25. Ne3 Re2 26. Kh2 Rxe1 27. Rxe1 Be6
28. Nf1 Be7 29. Kg1 b6 30. Nd2 Rc8 31. Ne4 Bb4 32. Nf6+ Kh8 33. Rd1 Rd8 34. h5
Qf5 35. Bxh6 d2 36. Be3 Bc3 37. Bxb6 Bxe5 38. Qe3 Bf4 39. Qc3 Be5 40. Qe3 Bf4
41. Qc3 Rd3 42. Qc5 Qxc5 0-1

[Event "CCM2 - 9. ORDIX Open"]
[Site "Mainz"]
[Date "2002.??.??"]
[Round "4"]
[White "Svidler, Peter"]
[Black "Lobron, Eric"]
[Result "1-0"]
[WhiteElo "2750"]
[BlackElo "2500"]
[PlyCount "53"]
[EventDate "2002.??.??"]
[EventType "tourn (rapid)"]
[EventRounds "11"]
[EventCountry "GER"]
[Source "Mike Rosa"]
[SourceDate "2009.01.01"]

1. e4 g6 2. d4 Bg7 3. Nc3 d6 4. f4 a6 5. Nf3 b5 6. Bd3 Nd7 7. e5 Bb7 8. Qe2 Nh6
9. a4 b4 10. Ne4 O-O 11. c3 bxc3 12. bxc3 c5 13. O-O Qc7 14. e6 Nf6 15. Neg5
cxd4 16. exf7+ Nxf7 17. Ne6 Qxc3 18. Bb2 Qa5 19. Nfxd4 Rfe8 20. Nxg7 Kxg7 21.
Ne6+ Kg8 22. f5 g5 23. h4 h6 24. hxg5 hxg5 25. Rae1 Ne5 26. Qe3 Nh7 27. Nxg5
1-0

[Event "CCM2 - 9. ORDIX Open"]
[Site "Mainz"]
[Date "2002.??.??"]
[Round "5"]
[White "Glek, Igor"]
[Black "Svidler, Peter"]
[Result "1-0"]
[WhiteElo "2591"]
[BlackElo "2750"]
[Annotator "Mike Rosa"]
[PlyCount "43"]
[EventDate "2002.??.??"]
[EventType "tourn (rapid)"]
[EventRounds "11"]
[EventCountry "GER"]
[Source "Mike Rosa"]
[SourceDate "2009.01.01"]

1. e4 c5 2. Nf3 e6 3. d3 Nc6 4. g3 g6 5. Bg5 f6 6. Bd2 d5 7. Bg2 Bd6 8. O-O
Nge7 9. exd5 exd5 10. Re1 Kf7 11. Nc3 Re8 12. h3 Be6 13. a3 Qd7 14. Kh2 Kg7 15.
Rb1 a6 16. Na4 Nc8 17. b4 b6 18. bxc5 bxc5 19. c4 d4 $4 (19... dxc4 $142 $5 20.
dxc4 Rb8 21. Rxb8 Nxb8 $14) 20. Bf4 $1 Be7 $2 (20... Bxf4 21. Nxc5 Qd6 22. Rb7+
Kh6 23. Ne4 Qd8 24. gxf4 $16) 21. Nd2 $1 $18 g5 22. Qf3 $1 1-0

[Event "CCM2 - 9. ORDIX Open"]
[Site "Mainz"]
[Date "2002.??.??"]
[Round "5"]
[White "Jussupow, Artur"]
[Black "Miezis, Normunds"]
[Result "0-1"]
[WhiteElo "2612"]
[BlackElo "2528"]
[PlyCount "100"]
[EventDate "2002.??.??"]
[EventType "tourn (rapid)"]
[EventRounds "11"]
[EventCountry "GER"]
[Source "Mike Rosa"]
[SourceDate "2009.01.01"]

1. d4 Nf6 2. Nf3 e6 3. e3 c5 4. Bd3 Be7 5. O-O O-O 6. b3 Nc6 7. Bb2 cxd4 8.
exd4 b6 9. Nbd2 Bb7 10. a3 Nd5 11. Re1 Nf4 12. Bf1 Rc8 13. g3 Ng6 14. h4 h6 15.
h5 Nh8 16. Bd3 f5 17. d5 exd5 18. Nf1 Bf6 19. Bxf6 Qxf6 20. Ne3 Ne7 21. Ng2 Nf7
22. Nf4 Rfe8 23. Bb5 Rcd8 24. Qd4 Ng5 25. Qd1 Ne4 26. Qd4 Ng5 27. Qd1 d4 28.
Nh4 Kh7 29. Bd3 Ne4 30. a4 Nc6 31. Nfg6 Nb4 32. Qf3 Nd6 33. Qf4 Nd5 34. Qd2 Ne4
35. Qc1 Re6 36. Nf4 Nb4 37. Nxe6 dxe6 38. Qf4 Nd5 39. Qf3 Ng5 40. Qe2 Nc3 41.
Qe5 Qf7 42. g4 Be4 43. f4 Nh3+ 44. Kh2 Nf2 45. Rg1 Bxd3 46. g5 Qxh5 47. cxd3
Ng4+ 48. Rxg4 Qxg4 49. g6+ Kh8 50. Ng2 Ne2 0-1

[Event "CCM2 - 9. ORDIX Open"]
[Site "Mainz"]
[Date "2002.??.??"]
[Round "5"]
[White "Motylev, Alexander"]
[Black "Fridman, Daniel"]
[Result "1/2-1/2"]
[WhiteElo "2634"]
[BlackElo "2571"]
[PlyCount "44"]
[EventDate "2002.??.??"]
[EventType "tourn (rapid)"]
[EventRounds "11"]
[EventCountry "GER"]
[Source "Mike Rosa"]
[SourceDate "2009.01.01"]

1. e4 e5 2. Nf3 Nf6 3. Nxe5 d6 4. Nf3 Nxe4 5. d4 d5 6. Bd3 Nc6 7. O-O Be7 8. c4
Nf6 9. h3 Nb4 10. Be2 dxc4 11. Bxc4 O-O 12. Nc3 c6 13. Re1 Nbd5 14. Bg5 Be6 15.
Qb3 Qb6 16. Qxb6 axb6 17. Nxd5 cxd5 18. Bb3 Bb4 19. Rec1 Ne4 20. Bf4 Rfc8 21.
a3 Bd6 22. Be3 Rc6 1/2-1/2

[Event "CCM2 - 9. ORDIX Open"]
[Site "Mainz"]
[Date "2002.??.??"]
[Round "5"]
[White "Shchekachev, Andrei"]
[Black "Dautov, Rustem"]
[Result "0-1"]
[WhiteElo "2566"]
[BlackElo "2614"]
[PlyCount "96"]
[EventDate "2002.??.??"]
[EventType "tourn (rapid)"]
[EventRounds "11"]
[EventCountry "GER"]
[Source "Mike Rosa"]
[SourceDate "2009.01.01"]

1. Nf3 d5 2. d4 Nf6 3. c4 c6 4. Nc3 a6 5. a4 e6 6. Bg5 Nbd7 7. a5 h6 8. Bh4 Be7
9. e3 O-O 10. Be2 c5 11. cxd5 Nxd5 12. Bxe7 Nxe7 13. dxc5 Nxc5 14. b4 Nd7 15.
Nd4 b5 16. O-O Bb7 17. Qb3 Nd5 18. Bf3 Ne5 19. Bxd5 Bxd5 20. Nxd5 Qxd5 21. Qxd5
exd5 22. Rfd1 Rfd8 23. Rac1 Rac8 24. f4 Nc4 25. Rd3 Re8 26. Kf2 Ne5 27. Rdc3
Nd3+ 28. Rxd3 Rxc1 29. Nf5 Rb1 30. Rd4 Re4 31. Rxd5 Rbxb4 32. Rd8+ Kh7 33. g4
g6 34. Nd6 Re7 35. Ne8 f5 36. Nf6+ Kg7 37. Nd5 Rb2+ 38. Kf3 Ra7 39. h4 Rd2 40.
h5 b4 41. hxg6 fxg4+ 42. Kxg4 b3 43. e4 Rb7 44. f5 b2 45. f6+ Kxg6 46. Rg8+ Kh7
47. Ne7 Rxe7 48. fxe7 Rg2+ 0-1